El delito de cuello blanco: versión completa
Gespeichert in:
| 1. Verfasser: | |
|---|---|
| Format: | Buch |
| Sprache: | Spanisch |
| Veröffentlicht: |
Montevideo
B de F Ltda
2009
|
| Schriftenreihe: | Memoria Criminológica, 6
|
| Schlagworte: | |
| Tags: |
Tag hinzufügen
Keine Tags, Fügen Sie den ersten Tag hinzu!
|
MARC
| LEADER | 00000cam a2200000 a 4500 | ||
|---|---|---|---|
| 001 | UCG8897 | ||
| 003 | CL-VaPUC | ||
| 008 | 120106e20090000UY |||||||||||||||||spa|d | ||
| 020 | |a 9789974676268 | ||
| 082 | 0 | 4 | |a 345.0268 |b SUT |2 21 |
| 100 | 0 | |a Sutherland, Edwin H |e author |9 560159 | |
| 245 | 1 | 3 | |a El delito de cuello blanco: versión completa |
| 300 | |a 379 p | ||
| 942 | |c BK | ||
| 945 | |d 20120106 00:00:00 |a dcastane | ||
| 260 | |a Montevideo |b B de F Ltda |c 2009 | ||
| 650 | 7 | |a DELITO DE CUELLO BLANCO |2 CL-VaPUC |9 538787 | |
| 650 | 7 | |a CULPA PENAL |2 CL-VaPUC |9 351693 | |
| 650 | 7 | |a DERECHO PENAL |2 CL-VaPUC |9 11 | |
| 650 | 7 | |a LAVADO DE DINERO |2 CL-VaPUC |9 418443 | |
| 583 | |a last modification |c 20120106 11:45:00 |k Rodrigo Vera | ||
| 490 | 0 | |a Memoria Criminológica, 6 | |
| 999 | |c 346484 |d 346482 | ||
| 952 | |0 0 |1 0 |4 0 |6 345_026800000000000_SUT_2009 |7 0 |8 A |9 447179 |a BIBDER |b BIBDER |d 2019-11-22 |i 4817184 |l 1 |o 345.0268 SUT 2009 |p 4817184 |r 2024-06-26 |s 2024-06-26 |w 2019-11-22 |y BK |k DER | ||